000 01147nam0a22002891 4500
001 rc\2836917
005 20110627231918.1
035 _a(NLR Aleph) 006994638
090 _a5660649
_c5660649
100 _a20110627d1929 |||y0rusy50 ca
101 0 _arus
102 _aRU
105 _aa z |||||
200 1 _aМои китайские дневники
_fК. Костарев
_gПод ред. и с предисл. Льва Варшавского
205 _a2-е изд., пересм. и доп.
210 _aЛенинград
_cПрибой
_d1929
_gтип. Печатный двор Госуд. изд-ва
215 _a289, [2] с.
_cил.
_d18×12 см
300 _aОбложка: Б. Татаринов
300 _a3-е изд.: Костарев, Н.К. "Китайские дневники"
300 _a1-ый экз. деф.: отсутствуют с. 3-4
700 1 _aКостарев
_bН. К.
_f1893-1941
_gНиколай Константинович
702 1 _aВаршавский
_bЛ.
_gЛев
_4340
801 0 _aRU
_bNLR
_gpsbo
801 1 _aRU
_bELAR
_2rusmarc
852 _aNLR
_j78/204
942 _cBOOK
980 _aNB